Central Library OPAC University of Rajshahi

John Dryden : a bibliography of early editions and of Drydeniana / (Record no. 77183)

MARC details
000 -LEADER
fixed length control field 00691nam a2200229 4500
001 - CONTROL NUMBER
control field 77183
003 - CONTROL NUMBER IDENTIFIER
rucl marc code BD-RjUL
005 - DATE AND TIME OF LATEST TRANSACTION
control field 20211209082935.0
008 - FIXED-LENGTH DATA ELEMENTS--GENERAL INFORMATION
fixed length control field 200301s190 e ||||| |||| 001 0 eng d
035 ## - SYSTEM CONTROL NUMBER
System control number (BD-RjUL) 77407
040 ## - CATALOGING SOURCE
Original cataloging agency BD-RjUL
Language of cataloging eng
Transcribing agency BD-RjUL
041 ## - LANGUAGE CODE
Language code of text/sound track or separate title eng
082 ## - DEWEY DECIMAL CLASSIFICATION NUMBER
Edition number 19
Classification number 821.4092
Author mark and year DRJ 1904
100 ## - MAIN ENTRY--PERSONAL NAME
Personal name dryden, John
9 (RLIN) 240153
245 ## - TITLE STATEMENT
Title John Dryden : a bibliography of early editions and of Drydeniana /
Statement of responsibility, etc. edited by Hugh Macdonald
260 ## - PUBLICATION, DISTRIBUTION, ETC. (IMPRINT)
Place of publication, distribution, etc. Oxford :
Name of publisher, distributor, etc. At the Clarendon press ,
Date of publication, distribution, etc. 1904
300 ## - PHYSICAL DESCRIPTION
Pagination xiv, 358 p. ;
Size 23 cm
500 ## - GENERAL NOTE
General note Includes Index
600 ## - SUBJECT ADDED ENTRY--PERSONAL NAME
Personal name Dryden, John,
Dates associated with a name 1631-1700.
700 ## - ADDED ENTRY--PERSONAL NAME
Personal name Macdonald, Hugh
942 ## - ADDED ENTRY ELEMENTS (KOHA)
Source of classification or shelving scheme Dewey Decimal Classification
Koha item type Books
Holdings
Lost status Source of classification or shelving scheme Damaged status Not for loan Collection code Permanent Location Current Location Shelving location Date acquired Total Checkouts Full call number Date last seen Copy number Koha item type
  Dewey Decimal Classification   Not For Loan Non-fiction Central Library, University of Rajshahi Central Library, University of Rajshahi Reading Room 01/03/2020   821.4092 DRJ 1904 01/03/2020 C-1 Books